000 00608nam a2200217Ia 4500
003 GCL
008 140319s9999 xx 000 0 ara d
040 _aGCL /
_cGCL
082 0 4 _aط
_b813.0872
_bو ر
100 1 _aوصفى ال وصفى
245 1 0 _aفى عين جالوت /
_cوصفى ال وصفى
260 _a[S.N] :
_bدار المعارف ،
_c1991
300 _a31 ص
490 _aدار المعارف
_v0
650 0 4 _aقصص البطولات
650 0 4 _aقصص الحرب
650 0 4 _aالاطفال
650 0 4 _aالقصص
650 0 4 _aقصص الاطفال
942 _2ddc
_cBK
999 _c56282
_d56282